| 000 | 00689nam a2200241Ia 4500 | ||
|---|---|---|---|
| 008 | 220216s9999 xx 000 0 und d | ||
| 100 | _aYew G.Y | ||
| 245 | 0 | _aEmerging crosslinking techniques for glove manufacturers with improved nitrile glove properties and reduced allergic risks | |
| 260 |
_bMaterialstoday Communications _c2020 |
||
| 300 | _a39-50 | ||
| 650 | _aCrosslinker | ||
| 650 | _aDisposable glove | ||
| 650 | _aMetal ions | ||
| 650 | _aNitrile rubber | ||
| 650 | _aSurgical glove | ||
| 700 | _aChu D.T | ||
| 700 | _aLaw C.L | ||
| 700 | _aOgino C | ||
| 700 | _aShow P.L | ||
| 700 | _aTham T.C | ||
| 856 | _udoi.org/10.1016/j.mtcomm.2018.12.014 | ||
| 942 | _cJS | ||
| 999 |
_c58567 _d58567 |
||